| Tag |
First Indicator |
Second Indicator |
Subfields |
| LEADER |
00000cam a2200000 4500 |
| 001 |
in00000053123 |
| 005 |
20151007080445.0 |
| 008 |
790402s1934 enk 00010 eng |
| 010 |
|
|
|a 35008824
|
| 035 |
|
|
|a (OCoLC)04812669
|
| 035 |
|
|
|9 AAF4851AM
|
| 040 |
|
|
|a DLC
|c KSW
|d TXA
|d UtOrBLW
|
| 049 |
|
|
|a TXAM
|c [199700]
|
| 050 |
|
0 |
|a B825
|b .P57
|
| 092 |
|
|
|a 146
|b P724e
|
| 100 |
1 |
|
|a Plekhanov, Georgiĭ Valentinovich,
|d 1856-1918.
|
| 245 |
1 |
0 |
|a Essays in the history of materialism /
|c by G. V. Plekhanov; translated by Ralph Fox.
|
| 264 |
|
1 |
|a London :
|b John Lane,
|c [1934]
|
| 300 |
|
|
|a ix pages, 2 ., 3-287 pages, 1 unnumbered page ;
|c 19 cm.
|
| 336 |
|
|
|a text
|b txt
|2 rdacontent
|
| 337 |
|
|
|a unmediated
|b n
|2 rdamedia
|
| 338 |
|
|
|a volume
|b nc
|2 rdacarrier
|
| 505 |
0 |
|
|a Holbach.-- Helvetius.-- Marx.
|
| 600 |
1 |
0 |
|a Holbach, Paul Henri Thiry,
|c baron d',
|d 1723-1789.
|
| 600 |
1 |
0 |
|a Helvétius,
|d 1715-1771.
|
| 600 |
1 |
0 |
|a Marx, Karl,
|d 1818-1883.
|
| 650 |
|
0 |
|a Materialism.
|
| 700 |
1 |
|
|a Fox, Ralph,
|d 1900-1936.
|
| 999 |
|
|
|a MARS
|
| 999 |
f |
f |
|s 215b741c-11cc-3193-8329-6bdcb65d4a3e
|i de8215f3-ce63-343e-9795-92af9704b317
|t 0
|
| 952 |
f |
f |
|p normal
|a Texas A&M University
|b College Station
|c Sterling C. Evans Library
|d Evans: Library Stacks
|t 0
|e B825 .P57
|h Library of Congress classification
|i unmediated -- volume
|m A14800519006
|
| 998 |
f |
f |
|a B825 .P57
|t 0
|l Evans: Library Stacks
|